Basic Bibliography for Ministers (Record no. 2000)

MARC details
000 -LEADER
fixed length control field 00643nam a2200253 a 4500
020 ## - INTERNATIONAL STANDARD BOOK NUMBER
ISBN
082 00 - DEWEY DECIMAL CLASSIFICATION NUMBER
Classification number 253.016
Author Cutter MCP
100 ## - MAIN ENTRY--AUTHOR NAME
Author name Mc Phail, David
245 ## - TITLE STATEMENT
Title Basic Bibliography for Ministers
260 ## - PUBLICATION, DISTRIBUTION, ETC. (IMPRINT)
Place of publication New York
Name of publisher Union Theological Seminary
Year of publication 1960
300 ## - PHYSICAL DESCRIPTION
Number of Pages 139p
500 ## - GENERAL NOTE
General note includes index and biblioraphy
505 2# - FORMATTED CONTENTS NOTE
Formatted contents note Reference
650 ## - SUBJECT ADDED ENTRY--TOPICAL TERM
Topical Term Bibliography-Christianity
650 ## - SUBJECT ADDED ENTRY--TOPICAL TERM
Topical Term Church-Work Bibliography
942 ## - ADDED ENTRY ELEMENTS (KOHA)
Koha item type Books
700 1# -
-- Mc Phail, David
Holdings
Collection code Home library Current library Date acquired Cost, normal purchase price Full call number Accession Number Koha item type
  Henry Martyn Institute Library Henry Martyn Institute Library 05/24/2005 0.00 253.016 MCP 02804 Books
                   Copyright © 2026 | Henry Martyn Institute | Hyderabad | TS-500052 | INDIA | Implemented by hmi.edu.in
Hit-Count:

Powered by Koha